Personnages joués par Leonardo DiCaprio par images (Click) - Statistiques

Statistiques générales
  • Ce quiz a été pris 287 fois
  • Le résultat moyen est 14 sur 25
Statistiques - réponses
Hint Réponse % Correct
The Revenant
89%
Le Loup de Wall Street
87%
Arrête-moi si tu peux
84%
Gatsby le Magnifique
84%
Titanic
81%
Django Unchained
79%
La Plage
76%
Basketball Diaries
71%
Shutter Island
70%
Once Upon a Time… in Hollywood
65%
Don't Look Up : Déni cosmique
63%
Roméo + Juliette
56%
Aviator
56%
Inception
53%
Les Infiltrés
52%
L'Homme au masque de fer
51%
Gangs of New York
51%
Killers of the Flower Moon
46%
Rimbaud Verlaine
43%
Les Noces rebelles
39%
J. Edgar
34%
Blood Diamond
26%
Mensonges d'État
24%
Mort ou vif
19%
Don's Plum
16%
Aucun quiz correspondant
Distribution des résultats
% des personnes avec chaque résultat
Percentile par nombre de réponses
Votre historique - résultats
Vous n’avez pas pris ce quiz